000 00347nam a22001217a 4500
008 230620b xxu||||| |||| 00| 0 eng d
020 _a9251014531
082 _a307.1
_bOAK 1985
245 _aGuide to Extension TRaining
260 _aRome, Italy
_bFood and Agriculture Organization of the United Nations
_c1985
300 _aV,144p
942 _2ddc
_cBK
999 _c1478
_d1478